| 000 | 00352nam a2200133Ia 4500 | ||
|---|---|---|---|
| 008 | 210210b1971 xxu||||| |||| 00| 0 eng d | ||
| 082 | _a330.905487 GOPT | ||
| 100 | _aGOPAL (M H). | ||
| 245 | _aTipu Sultan's Mysore: an economic study. | ||
| 260 |
_aBombay _bPopular Prakashan _c1971 |
||
| 300 | _a112 | ||
| 690 | _aEconomic History | ||
| 906 | _aSG00544 | ||
| 999 |
_c112041 _d112041 |
||